000 005120000a22001810004500
003 MACL
005 20160421150259.0
008 160421b xxu||||| |||| 00| 0 eng d
040 _aMACL
_cMACL
041 _aHind
082 _a780
100 _aवर्मा चमनलाल
_953155
245 _aसंगीत पीयूष निधि
260 _bमोनू प्रकाशन
_c1999
_aनई दिल्‍ली
350 _a300
650 _aMusic
_953156
942 _cHIN
_k780
_2ddc
999 _c18113
_d18113